[Event "Reykjavik Open 2026"]
[Site "Reykjavik ISL"]
[Date "2026.03.28"]
[Round "5.145"]
[White "Schroeder, Liam Maddox"]
[Black "Acevedo Mendez, Lisseth"]
[Result "0-1"]
[BlackTitle "WIM"]
[WhiteElo "1577"]
[BlackElo "1855"]
[WhiteFideId "34651020"]
[BlackFideId "6502938"]
[EventDate "2026.03.25"]

1. e4 e5 2. f4 d6 3. Nf3 Nc6 4. Bc4 Be6 5. Bxe6 fxe6 6. O-O Nf6 7. Nc3 Qd7 8.
fxe5 Nxe5 9. Nxe5 dxe5 10. d3 Bc5+ 11. Kh1 O-O-O 12. Bg5 Rhf8 13. Qe2 Rf7 14.
Bxf6 gxf6 15. a3 Rg8 16. Rab1 Rfg7 17. Rf3 Rxg2 18. Qxg2 Rxg2 19. Kxg2 Qg7+ 20.
Rg3 Qh6 21. Re1 Qf4 22. Rf3 Qd2+ 23. Re2 Qc1 24. Na4 Qg1+ 25. Kh3 Be7 26. Rg2
Qd1 27. Rgf2 h5 28. Kh4 Qg1 29. Rg3 Qxf2 30. Kh3 h4 31. Kxh4 Qxh2+ 32. Kg4 f5+
33. Kf3 Qh5+ 34. Kg2 f4 35. Rh3 Qg4+ 36. Kh2 Qe2+ 37. Kh1 Qd1+ 38. Kh2 Qxc2+ 39.
Kh1 Qxa4 40. Rh8+ Kd7 41. Rh2 f3 42. Rf2 Qd1+ 43. Kh2 Bc5 44. Rxf3 Qxf3 45. b4
Bf2 46. b5 Qg3+ 47. Kh1 Qg1# 0-1

[Event "Reykjavik Open 2026"]
[Site "Reykjavik ISL"]
[Date "2026.03.28"]
[Round "5.146"]
[White "Klasinc, Kristjan"]
[Black "Seshadri, Sridhar"]
[Result "1-0"]
[WhiteElo "1853"]
[BlackElo "1658"]
[WhiteFideId "12966460"]
[BlackFideId "30913942"]
[EventDate "2026.03.25"]

1. d4 Nf6 2. e3 d5 3. Bd3 Bg4 4. Ne2 c5 5. c3 e6 6. f3 Bf5 7. Ng3 Bxd3 8. Qxd3
c4 9. Qc2 Bd6 10. e4 dxe4 11. Nxe4 Nxe4 12. Qxe4 Qc7 13. f4 O-O 14. O-O Nd7 15.
Nd2 Nf6 16. Qf3 Nd5 17. Ne4 Be7 18. f5 exf5 19. Qxf5 Rad8 20. Bg5 Bxg5 21. Qxg5
h6 22. Qd2 f5 23. Nc5 Rde8 24. Rae1 Rxe1 25. Qxe1 Qc6 26. Qe5 f4 27. Ne6 Rf6 28.
Nxf4 Nxf4 29. Rxf4 Rg6 30. Qe4 Qb6 31. Qe8+ Kh7 32. Rf8 Rxg2+ 33. Kxg2 Qxb2+ 34.
Rf2 Qxc3 35. Qe4+ Kg8 36. d5 Qb4 37. Qe6+ Kh7 38. d6 Qb6 39. Qf5+ Kh8 40. d7
Qc6+ 1-0

[Event "Reykjavik Open 2026"]
[Site "Reykjavik ISL"]
[Date "2026.03.28"]
[Round "5.148"]
[White "Sigurbjornsson, Ivar Orn"]
[Black "Hisnay, Gregory"]
[Result "1/2-1/2"]
[WhiteElo "1527"]
[BlackElo "1846"]
[WhiteFideId "2305305"]
[BlackFideId "2093421"]
[EventDate "2026.03.25"]

1. e4 e5 2. Nc3 Nf6 3. f4 Nc6 4. fxe5 Nxe5 5. d4 Ng6 6. e5 Ng8 7. Nf3 Be7 8. Bc4
f6 9. Qe2 c6 10. Bd2 Kf8 11. Rf1 d6 12. d5 dxe5 13. Nxe5 Nxe5 14. Qxe5 Bd6 15.
Qh5 Qe8+ 16. Qxe8+ Kxe8 17. O-O-O Ne7 18. g3 Bh3 19. Rfe1 Rd8 20. Be3 a5 21. Bb6
Rd7 22. Bxa5 Be5 23. Bb4 h5 24. d6 Nc8 25. Ne4 b6 26. Ba3 Kd8 27. Rd2 Re8 28.
Nc3 Nxd6 29. Bxd6 Rxd6 30. Rde2 Bf5 31. Bf7 Rh8 32. Rd2 1/2-1/2

[Event "Reykjavik Open 2026"]
[Site "Reykjavik ISL"]
[Date "2026.03.28"]
[Round "5.149"]
[White "Texe, Eirik"]
[Black "Steiner, Peter Markus"]
[Result "1/2-1/2"]
[WhiteElo "1846"]
[BlackElo "1634"]
[WhiteFideId "1569481"]
[BlackFideId "12938491"]
[EventDate "2026.03.25"]

1. e4 e6 2. d4 d5 3. Nc3 Bb4 4. e5 b6 5. Qg4 Bf8 6. f4 Nh6 7. Qd1 Nf5 8. Nf3 c5
9. Ne2 Nc6 10. c3 Be7 11. g3 O-O 12. Bg2 cxd4 13. Nexd4 Nfxd4 14. Nxd4 Nxd4 15.
Qxd4 Bc5 1/2-1/2

[Event "Reykjavik Open 2026"]
[Site "Reykjavik ISL"]
[Date "2026.03.28"]
[Round "5.150"]
[White "Brynjarsson, Orvar Holm"]
[Black "Sverrisson, Dagur"]
[Result "1-0"]
[WhiteElo "1845"]
[BlackElo "1585"]
[WhiteFideId "2321726"]
[BlackFideId "2326175"]
[EventDate "2026.03.25"]

1. e4 e5 2. Nf3 Nc6 3. Bc4 Nf6 4. Ng5 d5 5. exd5 Na5 6. d3 Nxc4 7. dxc4 Bc5 8.
O-O h6 9. Nf3 e4 10. Nd4 Bg4 11. Qd2 O-O 12. Nb3 Bd6 13. Nc3 Qd7 14. Re1 Rfe8
15. Nd4 Bf3 16. Nce2 e3 17. fxe3 Ne4 18. Qd3 Bxg2 19. Kxg2 Qg4+ 20. Ng3 Bxg3 21.
Qe2 Qxe2+ 22. Rxe2 Bd6 23. Nf5 Bc5 24. Ng3 Nxg3 25. hxg3 Re4 26. b3 Rae8 27. Kf3
Bd4 28. Rb1 Bc3 29. Bb2 Bxb2 30. Rxb2 R4e5 31. Rb1 Rf5+ 32. Kg4 g6 33. Rbe1 h5+
34. Kh3 Rfe5 35. Kg2 Kf8 36. Kf3 Ke7 37. Rd2 Kd6 38. b4 b6 39. c3 Re4 40. Rd4 f5
41. Re2 g5 42. Kf2 f4 43. Rxe4 Rxe4 44. exf4 Rxc4 45. fxg5 Rg4 46. Re6+ Kxd5 47.
Re7 Kc6 48. Rg7 a6 49. g6 Kb7 50. Rg8 Ka7 51. g7 Kb7 52. Kf3 Ka7 53. Rh8 Rxg7
54. Rxh5 Rg6 55. g4 Rc6 56. g5 Rxc3+ 57. Ke4 Rc4+ 58. Kf5 Rxb4 59. g6 Rb5+ 60.
Kg4 Rb1 61. Rg5 Rg1+ 62. Kf4 Rf1+ 63. Ke5 Rf8 64. g7 Rg8 65. Ke6 c5 66. Kf7
Rxg7+ 67. Rxg7 b5 68. Ke6+ Kb6 69. Ke5 c4 70. Rg6+ Ka5 71. Kd4 b4 72. Kxc4 b3
73. Kxb3 1-0

[Event "Reykjavik Open 2026"]
[Site "Reykjavik ISL"]
[Date "2026.03.28"]
[Round "5.151"]
[White "Lekoudis, George"]
[Black "Sankrithi, Siva"]
[Result "1-0"]
[WhiteElo "1814"]
[BlackElo "1575"]
[WhiteFideId "484679"]
[BlackFideId "2088231"]
[EventDate "2026.03.25"]

1. e4 b6 2. d4 Bb7 3. Nc3 e6 4. a3 Nf6 5. Bd3 Nc6 6. Nf3 Ne7 7. e5 Nfd5 8. Ne4
Ng6 9. g3 f5 10. exf6 Nxf6 11. Neg5 Be7 12. Nxh7 Nf8 13. Nxf8 Kxf8 14. Qe2 Qe8
15. Bd2 Qh5 16. Ne5 Qxe2+ 17. Kxe2 Bxh1 18. Ng6+ Kf7 19. Nxh8+ Rxh8 20. Rxh1 c5
21. dxc5 Bxc5 22. b4 Bd6 23. f4 Rh3 24. Kf3 g6 25. Bf1 Rh8 26. h4 Rc8 27. Bd3 e5
28. fxe5 Bxe5 29. c4 Rd8 30. g4 d5 31. Bg5 dxc4 32. Bxc4+ Kg7 33. Re1 Bd6 34.
Re6 Rf8 35. Kg2 Bb8 36. Re7+ Kh8 37. Bxf6+ Rxf6 38. Re8+ 1-0

[Event "Reykjavik Open 2026"]
[Site "Reykjavik ISL"]
[Date "2026.03.28"]
[Round "5.152"]
[White "Arnalds, Stefan"]
[Black "Sigurdardottir, Emilia"]
[Result "1-0"]
[WhiteElo "1809"]
[BlackElo "1435"]
[WhiteFideId "2304821"]
[BlackFideId "2322021"]
[EventDate "2026.03.25"]

1. e4 e5 2. Nf3 Nc6 3. Bc4 Bc5 4. O-O Nf6 5. d4 Bd6 6. Bg5 h6 7. Bh4 g5 8. Bg3
Qe7 9. Nc3 a6 10. Nd5 Nxd5 11. exd5 Na5 12. dxe5 Bc5 13. d6 cxd6 14. exd6 Qf8
15. Re1+ Kd8 16. Qd5 Bb6 17. Ne5 Rh7 18. Nxf7+ Qxf7 19. Qxf7 Rxf7 20. Bxf7 Bd4
21. Re8# 1-0

[Event "Reykjavik Open 2026"]
[Site "Reykjavik ISL"]
[Date "2026.03.28"]
[Round "5.157"]
[White "Patel, Parisa"]
[Black "Muhr, Andreas"]
[Result "0-1"]
[WhiteElo "1498"]
[BlackElo "1740"]
[WhiteFideId "343410065"]
[BlackFideId "1619683"]
[EventDate "2026.03.25"]

1. e4 d5 2. exd5 Nf6 3. Bb5+ c6 4. dxc6 Nxc6 5. Nf3 Bd7 6. Nc3 Nb4 7. Bxd7+ Qxd7
8. O-O Qf5 9. d3 Rd8 10. Re1 Qc8 11. Ng5 h6 12. Nge4 Nxe4 13. Rxe4 e6 14. Qh5
Nxc2 15. Rb1 Be7 16. Rg4 g6 17. Qe5 f6 18. Qb5+ Kf7 19. Qa4 Na3 20. Ra1 h5 21.
Rg3 Bd6 22. Rf3 b5 23. Qxa7+ Be7 24. d4 Rd7 25. Qa5 Nc2 26. Rb1 Nxd4 27. Re3 Nf5
28. Re1 b4 29. Ne4 Rhd8 30. b3 Rd5 31. Qa4 Qb7 32. a3 Ra8 33. Qxa8 Qxa8 34. a4
Nd4 35. Nd2 Rg5 36. Ne4 Nf3+ 37. Kf1 Nxh2+ 38. Kg1 Nf3+ 39. Kf1 Rxg2 40. Re3
Rg1+ 41. Ke2 Nd4+ 42. Kd3 Rd1+ 43. Nd2 Qd5 44. Ra1 Nxb3+ 0-1

[Event "Reykjavik Open 2026"]
[Site "Reykjavik ISL"]
[Date "2026.03.28"]
[Round "5.158"]
[White "Erlendsson Weinert, Robin Peter"]
[Black "Erdogan, Ata Artun"]
[Result "1-0"]
[WhiteElo "1442"]
[BlackElo "1731"]
[WhiteFideId "2330954"]
[BlackFideId "39932230"]
[EventDate "2026.03.25"]

1. e4 c6 2. d4 d5 3. e5 c5 4. c3 Nc6 5. Nf3 cxd4 6. cxd4 Bg4 7. Be3 e6 8. Be2
Nge7 9. Na3 Nf5 10. Nc2 Be7 11. h3 Bxf3 12. Bxf3 Bg5 13. O-O Bxe3 14. fxe3 O-O
15. Qe1 Rc8 16. Be2 Nxe5 17. dxe5 Rxc2 18. Bd3 Rxb2 19. Bxf5 exf5 20. Rxf5 Qd7
21. e4 dxe4 22. Qxe4 Qe6 23. Rd1 Qxa2 24. Kh1 g6 25. Rf6 Re2 26. Qg4 Rxe5 27.
Rdd6 Qb1+ 28. Kh2 Qe4 29. Rf4 Qe2 30. Qg3 Qe3 31. Qg4 Qe2 32. Qg3 Kg7 33. Rd7
Qb5 34. Rc7 Rg5 35. Qf3 1-0

[Event "Reykjavik Open 2026"]
[Site "Reykjavik ISL"]
[Date "2026.03.28"]
[Round "5.160"]
[White "Niori, Nona"]
[Black "Banta, Robert Lance"]
[Result "1/2-1/2"]
[WhiteElo "1421"]
[BlackElo "1724"]
[WhiteFideId "7006527"]
[BlackFideId "39908682"]
[EventDate "2026.03.25"]

1. d4 Nf6 2. Nc3 d5 3. Bf4 a6 4. e3 Bf5 5. Nf3 e6 6. Ne5 Nbd7 7. g4 Bg6 8. h4 h6
9. Nxg6 fxg6 10. Bd3 Kf7 11. Qf3 Bd6 12. Bxd6 cxd6 13. O-O-O Ke7 14. Bxg6 Rf8
15. Qg2 b5 16. g5 Ng8 17. Rh3 Nb6 18. Rf3 Rxf3 19. Qxf3 Qf8 20. Qxf8+ Rxf8 21.
f4 Kd7 22. b3 Ne7 23. Bd3 hxg5 24. hxg5 Rh8 25. a3 Rh3 26. Re1 Nf5 27. Kd2 Nh4
28. Bf1 Nf3+ 29. Kc1 Rh1 30. Rd1 Rh2 31. Nb1 Nc8 32. Nd2 Nh4 33. Re1 Ne7 34. Bd3
Nef5 35. Bxf5 Nxf5 36. Nf1 Rh1 37. Kd2 Rh3 38. Kc3 Kc6 1/2-1/2

[Event "Reykjavik Open 2026"]
[Site "Reykjavik ISL"]
[Date "2026.03.28"]
[Round "5.167"]
[White "Renaud, Jacques"]
[Black "Schulz, Jannis"]
[Result "0-1"]
[WhiteElo "1704"]
[BlackElo "2063"]
[WhiteFideId "651088797"]
[BlackFideId "16224710"]
[EventDate "2026.03.25"]

1. e4 c6 2. Nc3 d5 3. Nf3 dxe4 4. Nxe4 Nf6 5. Nxf6+ exf6 6. d4 Bd6 7. Bd3 O-O 8.
Be3 Re8 9. O-O Nd7 10. c4 Nf8 11. h3 Be6 12. Qc2 Qd7 13. Nh4 Bxh3 14. Bf5 Bxf5
15. Nxf5 g6 16. Nh6+ Kg7 17. Qe2 Bf4 18. Ng4 h5 19. Nxf6 Kxf6 20. Qf3 Kg7 21.
Qxf4 Ne6 22. Qh6+ Kg8 23. Rad1 Ng7 24. Qg5 Qf5 25. Rd2 f6 26. Qg3 Rad8 27. Rfd1
g5 28. d5 h4 29. Qh3 cxd5 30. cxd5 b6 31. g4 hxg3 32. Qxg3 Re4 33. Rd4 Rxd4 34.
Rxd4 Qb1+ 35. Kh2 Nf5 36. Qc7 Rf8 0-1

[Event "Reykjavik Open 2026"]
[Site "Reykjavik ISL"]
[Date "2026.03.28"]
[Round "5.168"]
[White "Jagic, Jakov"]
[Black "Urbaniak, Andreas"]
[Result "1-0"]
[WhiteElo "2038"]
[BlackElo "1697"]
[WhiteFideId "2528398"]
[BlackFideId "24685020"]
[EventDate "2026.03.25"]

1. e4 e5 2. Nf3 Nc6 3. Bc4 Nf6 4. Ng5 d5 5. exd5 Nxd5 6. Nxf7 Kxf7 7. Qf3+ Qf6
8. Bxd5+ Ke8 9. Bxc6+ Qxc6 10. Qxc6+ bxc6 11. Nc3 Ba6 12. d3 Bc5 13. O-O Kd7 14.
Re1 Rae8 15. Ne4 Bb6 16. a4 1-0

[Event "Reykjavik Open 2026"]
[Site "Reykjavik ISL"]
[Date "2026.03.28"]
[Round "5.169"]
[White "Akhmetov, Kirill"]
[Black "Jonatansson, Sigurdur Freyr"]
[Result "1-0"]
[WhiteElo "2028"]
[BlackElo "1684"]
[WhiteFideId "40103412"]
[BlackFideId "2303116"]
[EventDate "2026.03.25"]

1. d4 d5 2. c4 e6 3. cxd5 exd5 4. Nc3 Nf6 5. Bf4 Bd6 6. Bxd6 Qxd6 7. e3 a6 8.
Bd3 O-O 9. h3 Re8 10. Qc2 Nc6 11. Nf3 Nb4 12. Qe2 Nxd3+ 13. Qxd3 Ne4 14. Nd2
Nxc3 15. bxc3 Bd7 16. O-O Qh6 17. Rfe1 Re6 18. Nf1 Bb5 19. Qf5 Bxf1 20. Kxf1 c6
21. a4 Rae8 22. a5 g6 23. Qf3 Qf8 24. Reb1 Qe7 25. Kg1 Qc7 26. Rb6 f5 27. Rab1
R6e7 28. g3 Kg7 29. h4 h5 30. Qf4 Qc8 31. Qd6 Kh6 32. Kg2 Rd7 33. Qb4 Ree7 34.
c4 Qg8 35. Rc1 Qe6 36. Kg1 Qe4 37. cxd5 Qxd5 38. Qc5 Qxc5 39. Rxc5 Kg7 40. Kg2
Kf6 41. d5 Rd6 42. dxc6 bxc6 43. Rxa6 Ree6 44. Rb6 Rd2 45. Rcxc6 Rxc6 46. Rxc6+
Ke5 47. Rxg6 Ra2 48. a6 Ke4 49. Re6+ Kd3 50. Rh6 Ke4 51. Re6+ Kd3 52. Re5 Ke2
53. Rxf5 Ke1 54. a7 Rxa7 55. Rxh5 Rf7 56. f4 Ke2 57. Re5 1-0

[Event "Reykjavik Open 2026"]
[Site "Reykjavik ISL"]
[Date "2026.03.28"]
[Round "5.170"]
[White "Vedant Nayudu"]
[Black "Frederick, Benjamin"]
[Result "1-0"]
[WhiteElo "1975"]
[BlackElo "1681"]
[WhiteFideId "33369780"]
[BlackFideId "39936180"]
[EventDate "2026.03.25"]

1. e4 e5 2. Nf3 Nc6 3. Bc4 Bc5 4. c3 Nf6 5. d3 d6 6. O-O a6 7. Nbd2 h6 8. Re1 g5
9. b4 Ba7 10. Nf1 Rg8 11. Be3 g4 12. N3d2 h5 13. Bb3 h4 14. Bxa7 Nxa7 15. Nc4
Qe7 16. a4 b6 17. Nce3 Be6 18. b5 a5 19. Rc1 O-O-O 20. d4 Kb7 21. Nd5 Nxd5 22.
exd5 Bd7 23. c4 Qg5 24. c5 dxc5 25. dxc5 Bc8 26. d6 Be6 27. Bd5+ Kb8 28. cxb6
cxb6 29. Rc7 Bc8 30. Qc2 g3 31. Rb7+ Bxb7 32. Qc7+ 1-0

[Event "Reykjavik Open 2026"]
[Site "Reykjavik ISL"]
[Date "2026.03.28"]
[Round "5.171"]
[White "Gilsdottir, Sara"]
[Black "Van Zeebroeck, Sam"]
[Result "0-1"]
[WhiteElo "1681"]
[BlackElo "1978"]
[WhiteFideId "1574337"]
[BlackFideId "231924"]
[EventDate "2026.03.25"]

1. d4 Nf6 2. c4 c5 3. Nf3 cxd4 4. Nxd4 e5 5. Nf3 Nc6 6. g3 Bc5 7. Bg2 e4 8. Ng5
e3 9. O-O exf2+ 10. Kh1 d6 11. Nc3 Bf5 12. Nge4 Bxe4 13. Nxe4 Nxe4 14. Bxe4 Qe7
15. Bg2 h5 16. e3 h4 17. g4 h3 18. Bf3 O-O-O 19. Rxf2 Ne5 20. Bd5 f6 21. b4 Bb6
22. a4 Bc7 23. a5 Rh4 24. b5 Nxg4 25. Re2 Ne5 26. b6 axb6 27. axb6 Bxb6 28. Qb3
Qc7 29. Be6+ Kb8 30. Qa2 Qc5 31. Bd5 Kc7 32. Ba3 Qa5 33. Qc2 Bc5 34. Qb3 Nc6 35.
Rb1 Qa6 36. Bxc5 dxc5 37. Reb2 Nb4 38. e4 g5 39. Qg3+ Qd6 40. Qa3 Rhh8 41. Qf3
Ra8 42. Rf1 Rh4 43. Rbb1 Ra2 44. e5 Qxe5 45. Rf2 Rf4 46. Qxh3 Rfxf2 47. Qh7+ Kd6 0-1

[Event "Reykjavik Open 2026"]
[Site "Reykjavik ISL"]
[Date "2026.03.28"]
[Round "5.172"]
[White "Braak, Richard"]
[Black "Putnam, Bill Howard"]
[Result "1-0"]
[WhiteElo "1955"]
[BlackElo "1670"]
[WhiteFideId "24626422"]
[BlackFideId "39907791"]
[EventDate "2026.03.25"]

1. d4 Nf6 2. c4 c5 3. d5 b5 4. cxb5 a6 5. e3 e6 6. Nc3 exd5 7. Nxd5 Bb7 8. Nxf6+
Qxf6 9. Nf3 Be7 10. bxa6 Bxa6 11. Bxa6 Qxa6 12. Qe2 Bf6 13. Qxa6 Rxa6 14. O-O
Nc6 15. a3 Ke7 16. e4 Ne5 17. Nd2 Nd3 18. Rb1 Rb8 19. b3 Nxc1 20. Rbxc1 Rxa3 21.
Rxc5 Ra2 22. Rd1 Ra1 23. Rxa1 Bxa1 24. Rc4 d6 25. Kf1 Kd7 26. Ke2 Rb6 27. Kd3
Be5 28. g3 g5 29. Ra4 g4 30. b4 Kc6 31. Nc4 Rb8 32. Nxe5+ dxe5 33. Kc4 Kb6 34.
Ra5 Rc8+ 35. Kd3 f6 36. Rd5 Rc6 37. Rd7 Rc7 38. Rxc7 Kxc7 39. Ke3 h5 40. Kd3 Kd6
41. Kc4 Kc6 42. b5+ Kb6 43. Kb4 Kc7 44. Kc5 Kb7 45. Kd6 Kb6 46. Ke6 Kxb5 47.
Kxf6 1-0

[Event "Reykjavik Open 2026"]
[Site "Reykjavik ISL"]
[Date "2026.03.28"]
[Round "5.173"]
[White "Endo van Dooijeweert, Sebastian"]
[Black "Andresson, Bernardo Tino"]
[Result "0-1"]
[WhiteElo "1561"]
[BlackElo "1888"]
[WhiteFideId "7007167"]
[BlackFideId "1483943"]
[EventDate "2026.03.25"]

1. e4 d5 2. exd5 Qxd5 3. Nc3 Qa5 4. d4 Nf6 5. Nf3 Bg4 6. h3 Bh5 7. Bc4 Ne4 8.
Bd2 Nxd2 9. Qxd2 Bxf3 10. gxf3 Qf5 11. O-O-O Nd7 12. Nb5 O-O-O 13. Nxa7+ Kb8 14.
Nb5 Qxf3 15. Rhg1 Qc6 16. Be2 e6 17. Rg3 Nb6 18. Qa5 Nc8 19. Rc3 Qb6 20. Qa4 c6
21. Na3 Bxa3 22. Rxa3 Kc7 23. Rf3 Nd6 24. Rb3 Ra8 25. Qxa8 Rxa8 26. Rxb6 Kxb6
27. Rg1 Nf5 28. Bc4 Ra4 29. Bd3 g6 30. Rg4 Rxa2 31. Kb1 Ra4 32. b3 Rxd4 33. Bxf5
Rd1+ 34. Kb2 exf5 35. Rg3 Rd2 36. Rf3 Kc5 37. Kc3 Re2 38. Kd3 Re4 39. Kc3 b5 40.
Rd3 b4+ 41. Kb2 Rd4 42. Re3 Kd6 43. c3 Rd2+ 44. Kc1 bxc3 45. Rf3 c5 46. Rf4 Rb2
47. Rf3 Rxb3 48. Kc2 Ra3 49. Rd3+ Kc6 50. Re3 Ra2+ 51. Kb3 Rxf2 52. Kxc3 Kd6 53.
Kc4 Rc2+ 54. Kb3 Rd2 55. Kc3 Rd5 56. Kc4 f4 57. Rf3 g5 58. Kc3 Ke6 59. h4 f6 60.
hxg5 fxg5 61. Kb3 Rf5 62. Kc4 g4 63. Rf1 g3 64. Kd3 g2 65. Rg1 f3 66. Ke3 f2 67.
Rxg2 f1=Q 68. Rc2 Re5+ 69. Kd2 Qf4+ 70. Kd1 Qd4+ 71. Rd2 Qa4+ 72. Kc1 Re1+ 73.
Kb2 Qa1+ 74. Kb3 Qd1+ 75. Rxd1 Rxd1 76. Kc2 Rg1 77. Kd2 h5 78. Ke2 h4 79. Kf2
Rg7 80. Kf3 h3 81. Kf2 h2 82. Ke3 h1=Q 83. Kf4 Qf1+ 84. Ke4 Rg4+ 85. Ke3 Qh3+
86. Kf2 Ra4 87. Ke2 Ra2+ 88. Ke1 Qh1# 0-1

[Event "Reykjavik Open 2026"]
[Site "Reykjavik ISL"]
[Date "2026.03.28"]
[Round "5.174"]
[White "Gain, Soheil"]
[Black "Tsai, Nicholas"]
[Result "1/2-1/2"]
[WhiteElo "1862"]
[BlackElo "1564"]
[WhiteFideId "646563"]
[BlackFideId "39954811"]
[EventDate "2026.03.25"]

1. d4 d5 2. c4 e6 3. Nc3 Nf6 4. cxd5 exd5 5. Bg5 Be7 6. e3 c6 7. Bd3 Nbd7 8. Qc2
h6 9. Bh4 Nh5 10. Bxe7 Qxe7 11. O-O-O Nb6 12. h3 Nf6 13. Nf3 Be6 14. Ne5 O-O-O
15. b3 Kb8 16. Kb2 Nfd7 17. Nf3 c5 18. dxc5 Nxc5 19. Nd4 Nxd3+ 20. Qxd3 Qb4 21.
Nc2 Qh4 22. Rhf1 Qf6 23. Nd4 Rc8 24. Kb1 Rc7 25. Nce2 Rhc8 26. Rc1 Nd7 27. Rxc7
Rxc7 28. f3 Nc5 29. Qd2 Bf5+ 30. Nxf5 Qxf5+ 31. Ka1 Ne4 32. Qe1 Qe5+ 33. Nd4 Nd6
34. f4 Qe4 35. Qd2 Nf5 36. Nxf5 Qxf5 37. Rc1 Rxc1+ 38. Qxc1 Qe4 39. Qd2 g5 40.
Kb2 gxf4 41. exf4 d4 42. f5 d3 43. Kc3 Qxf5 44. Qxd3 Qa5+ 45. Kb2 Qe5+ 46. Qc3
Qe2+ 47. Qc2 1/2-1/2

[Event "Reykjavik Open 2026"]
[Site "Reykjavik ISL"]
[Date "2026.03.28"]
[Round "5.175"]
[White "Akason, Aevar"]
[Black "Gautier, Marc"]
[Result "*"]
[WhiteElo "1557"]
[BlackElo "1811"]
[WhiteFideId "2307090"]
[BlackFideId "20690657"]
[EventDate "2026.03.25"]

1. d4 d5 2. c4 c6 3. cxd5 cxd5 4. Nf3 Nf6 5. Nc3 Nc6 6. a3 a6 7. e3 e6 8. b4 b5
9. Qc2 Bb7 10. Bd3 Rc8 11. Bb2 Be7 12. O-O O-O 13. Qe2 g6 14. Rab1 Nd7 15. e4
Nb6 16. exd5 exd5 17. a4 Bxb4 18. axb5 axb5 19. Nxb5 Ba6 20. Ba1 Re8 21. Qb2 Bf8
22. Ne5 Nb4 23. Qd2 Nxd3 24. Qxd3 Na8 25. Qf3 f6 26. Ng4 Bg7 27. Rfd1 Qd7 28.
Nc3 Rxc3 29. Bxc3 Be2 30. Nxf6+ Bxf6 31. Qxf6 Bxd1 32. Rxd1 Re6 33. Qf3 Re4 34.
Bb4 Qe8 35. Qb3 Nb6 36. Ba5 Nc4 37. h3 Nxa5 38. Qxd5+ Kg7 39. Qxa5 Qd7 40. Qc5
Qa4 41. Rd3 Qa1+ 42. Kh2 Qa2 43. Re3 Rf4 44. Qe5+ Rf6 45. Rf3 Qf7 46. g4 h6 47.
h4 Qe6 48. Kg3 Qxe5+ 49. dxe5 Re6 50. Kf4 Ra6 51. Re3 Kf7 52. h5 Ra4+ 53. Re4
g5+ 54. Kf5 Ra2 55. e6+ Ke7 56. f3 Ra3 57. Kg6 Rxf3 58. Kxh6 Rf4 59. Re2 Rxg4
60. Re5 Rg1 61. Rxg5 Re1 62. Rg6 Re5 63. Rg5 Rxe6+ 64. Kg7 Ke8 65. h6 Re7+ 66.
Kh8 Rf7 67. h7 Kf8 68. Rg8+ Ke7 69. Ra8 Rf2 70. Ra6 *

[Event "Reykjavik Open 2026"]
[Site "Reykjavik ISL"]
[Date "2026.03.28"]
[Round "5.176"]
[White "Jamil, Emil Jacobsen"]
[Black "Sankrithi, Vivaan Krishna"]
[Result "*"]
[WhiteElo "1769"]
[BlackElo "1503"]
[WhiteFideId "7204183"]
[BlackFideId "39949419"]
[EventDate "2026.03.25"]

1. c4 e6 2. g3 Nf6 3. Bg2 d5 4. Nf3 c5 5. cxd5 exd5 6. d4 Nc6 7. Bg5 c4 8. O-O
Be6 9. Nc3 Be7 10. Qc2 O-O 11. Rad1 h6 12. Bf4 b6 13. Rfe1 Qc8 14. e4 Nb4 15.
Qd2 dxe4 16. Nxe4 Bf5 17. Nd6 Bxd6 18. Bxd6 Nd3 19. Bxf8 Nxe1 20. Rxe1 Qxf8 21.
Ne5 Rc8 22. d5 Kh7 23. d6 Rd8 24. Nxc4 b5 25. Na3 Rxd6 26. Qa5 a6 27. Nb1 Bxb1
28. Rxb1 Qe8 29. Bf1 Qe5 30. b3 Ng4 31. Re1 Qd4 32. Re2 Re6 33. Rd2 Qc5 34. h3
Ne5 35. Bg2 Qc1+ 36. Kh2 Rf6 37. Be4+ g6 38. Qd8 Rf5 39. Kg2 Rh5 40. Qd4 Qc8 41.
h4 Qe6 42. Bd5 Qc8 43. Re2 Nc6 44. Qc5 Qd8 45. Qxc6 Qxd5+ *

[Event "Reykjavik Open 2026"]
[Site "Reykjavik ISL"]
[Date "2026.03.28"]
[Round "5.178"]
[White "Sankrithi, Sarang Athreya"]
[Black "Blomkvist, Kenneth"]
[Result "*"]
[WhiteElo "1491"]
[BlackElo "1685"]
[WhiteFideId "39939090"]
[BlackFideId "1772759"]
[EventDate "2026.03.25"]

1. e4 c5 2. Nc3 d6 3. d4 cxd4 4. Qxd4 a6 5. Nd5 Nc6 6. Qb6 Qxb6 7. Nxb6 Rb8 8.
Nxc8 Rxc8 9. Be3 Nf6 10. Bd3 g6 11. c3 b5 12. Rc1 Ne5 13. Ke2 Nfg4 14. Nh3 Nxe3
15. Kxe3 *

[Event "Reykjavik Open 2026"]
[Site "Reykjavik ISL"]
[Date "2026.03.28"]
[Round "5.182"]
[White "Tomasdottir, Katrin Osk"]
[Black "Tant, Sander"]
[Result "0-1"]
[WhiteElo "1449"]
[BlackElo "1623"]
[WhiteFideId "2331560"]
[BlackFideId "281166"]
[EventDate "2026.03.25"]

1. d4 d5 2. c4 c6 3. Nc3 Nf6 4. Nf3 dxc4 5. a4 Bf5 6. Bf4 e6 7. e3 Bb4 8. Bxc4
Ne4 9. Rc1 Nd7 10. O-O O-O 11. Bd3 Bxc3 12. bxc3 Ndf6 13. Nh4 Nd5 14. Nxf5 exf5
15. c4 Nxf4 16. Bxe4 Nh3+ 17. gxh3 fxe4 18. Qg4 f5 19. Qg3 Rf6 20. Kh1 Qe7 21.
Qg5 Qf7 22. Rg1 Rg6 23. Qf4 Rf8 24. Qe5 Rxg1+ 25. Rxg1 g6 26. h4 Qxc4 27. h5 Qf7
28. hxg6 hxg6 29. Rg3 Qf6 30. Qc7 Rf7 31. Qb8+ Kg7 32. Rh3 Rf8 33. Qxb7+ Qf7 34.
Qxc6 Rh8 35. Rxh8 Kxh8 36. d5 Qg7 37. Qc1 Qd7 38. Qc6 Qg7 39. Kg2 Qh6 40. Qf6+
Qg7 41. Qd8+ Qg8 42. Qh4+ Kg7 43. Qe7+ Qf7 44. d6 Qxe7 45. dxe7 Kf7 46. Kg3 Kxe7
47. Kf4 Kf6 48. h4 a5 49. Kg3 Ke5 50. f3 exf3 51. Kxf3 Ke6 52. Kf4 Kf6 53. Kf3
Ke5 54. Kf2 Ke4 55. Ke2 f4 56. exf4 Kxf4 57. Kf2 Kg4 58. Kg2 Kxh4 59. Kh2 Kg4
60. Kg2 Kf4 61. Kf2 Ke4 62. Ke2 Kd4 63. Kd2 Kc4 64. Kc2 Kb4 65. Kb2 Kxa4 66. Ka2
g5 67. Kb2 g4 68. Kc2 g3 69. Kd2 g2 70. Kc2 g1=R 71. Kd2 Rg3 72. Ke2 Kb4 73. Kf2
Rb3 74. Ke2 a4 75. Kd2 a3 76. Kc2 a2 77. Kd2 a1=R 78. Kc2 Ra2+ 79. Kc1 Kc3 80.
Kd1 Rb1# 0-1